000 00519nam a2200181Ia 4500
003 GCL
008 140319s9999 xx 000 0 ara d
040 _aGCL /
_cGCL
082 0 4 _a813.03
_bن ب
100 1 _aنجيب محفوظ
245 1 0 _aالباقى من الزمن ساعة /
_cنجيب محفوظ
260 _aالقاهرة :
_bدار مصر للطباعة
300 _a250 ص ؛
_c18 سم
490 _a
650 0 4 _aالادب العربى
650 0 4 _aالقصص العربية
942 _2ddc
_cBK
999 _c55313
_d55313